Sports Quiz

Random Sports or NFL Quiz

Peyton Manning's Head Coaches Quiz Stats

 Plays Quiz Updated Mar 13, 2016

Challenge
Share
Tweet
Embed
Score 0/5 Timer 02:00
0 Plays Today
Team Coach % Correct
Indianapolis ColtsTony Dungy
92.9%
Denver BroncosJohn Fox
91%
Denver BroncosGary Kubiak
85.6%
Indianapolis ColtsJim Caldwell
70.5%
Indianapolis ColtsJim Mora
52.4%

You're not logged in!

Compare scores with friends on all Sporcle quizzes.
OR
Log In

You Might Also Like...

Show Comments

Extras

Top Quizzes Today


Score Distribution

Your Account Isn't Verified!

In order to create a playlist on Sporcle, you need to verify the email address you used during registration. Go to your Sporcle Settings to finish the process.

Report this User

Report this user for behavior that violates our Community Guidelines.

Details: